[Event "SWE-chT2 1314"]
[Site "Sweden"]
[Date "2013.11.24"]
[Round "3"]
[White "Aira, Johannes"]
[Black "Petrov, Marian"]
[Result "0-1"]
[WhiteElo "2089"]
[BlackElo "2470"]
[PlyCount "56"]
[EventDate "2013.11.22"]
[EventType "team-tourn"]
[EventRounds "9"]
[EventCountry "SWE"]
[SourceTitle "EXT 2015"]
[Source "ChessBase"]
[SourceDate "2014.11.20"]
[SourceVersion "1"]
[SourceVersionDate "2014.11.20"]
[SourceQuality "1"]
[WhiteTeam "Manhem II"]
[BlackTeam "Umea Rockaden"]
[WhiteTeamCountry "SWE"]
[BlackTeamCountry "SWE"]

1. e4 c5 2. a3 d5 3. exd5 Qxd5 4. Nc3 Qd8 5. Nf3 Nc6 6. b4 e6 7. Bb5 cxb4 8. axb4 Bxb4 9. Bb2 Nf6 10. Ra4 a5 11. Qa1 Bd7 12. Ne2 0-0 13. 0-0 e5 14. Ng3 Re8 15. c3 Bd6 16. Rh4 e4 17. Ng5 Ng4 18. Bxc6 bxc6 19. Rh5 Bxg3 20. fxg3 Qb6+ 21. Kh1 Nf2+ 22. Rxf2 Qxf2 23. c4 e3 24. Bd4 h6 25. dxe3 Bg4 26. Rh4 hxg5 27. Rxg4 Qf5 28. h3 Rad8 0-1

[Event "Deltalift op"]
[Site "Halmstad"]
[Date "2013.05.09"]
[Round "3"]
[White "Kockum, Anton Frisk"]
[Black "Aira, Johannes"]
[Result "1-0"]
[WhiteElo "2355"]
[BlackElo "2095"]
[PlyCount "71"]
[EventDate "2013.05.09"]
[EventType "swiss"]
[EventRounds "8"]
[EventCountry "SWE"]
[SourceTitle "CBM 154 Extra"]
[Source "ChessBase"]
[SourceDate "2013.06.25"]
[SourceVersion "2"]
[SourceVersionDate "2013.06.25"]
[SourceQuality "1"]

1. d4 Nf6 2. Nf3 g6 3. c4 Bg7 4. Nc3 d5 5. Bg5 Ne4 6. Bh4 Nxc3 7. bxc3 0-0 8. e3 c5 9. cxd5 cxd4 10. cxd4 Qxd5 11. Bxe7 Re8 12. Bh4 Nc6 13. Be2 Bf5 14. 0-0 Rac8 15. Bd3 Bg4 16. h3 Bf5 17. Bxf5 gxf5 18. Bg3 Re6 19. Qb3 Ne7 20. Rac1 Rxc1 21. Rxc1 Qxb3 22. axb3 Bf6 23. Rc7 Rb6 24. Nd2 Kg7 25. Kf1 Nd5 26. Rc5 Ne7 27. d5 Kg6 28. Bc7 Ra6 29. d6 Nc6 30. d7 Ra2 31. Rd5 Nd8 32. Nc4 Ra6 33. Bxd8 Bxd8 34. Rd6+ f6 35. Rxa6 bxa6 36. Nd6 1-0

[Event "Rilton Cup 42nd"]
[Site "Stockholm"]
[Date "2013.01.02"]
[Round "6"]
[White "Aira, Johannes"]
[Black "Adler, Bo"]
[Result "1/2-1/2"]
[WhiteElo "2099"]
[BlackElo "2169"]
[PlyCount "79"]
[EventDate "2012.12.27"]
[EventType "swiss"]
[EventRounds "9"]
[EventCountry "SWE"]
[SourceTitle "CBM 152 Extra"]
[Source "ChessBase"]
[SourceDate "2013.02.25"]
[SourceVersion "1"]
[SourceVersionDate "2013.02.25"]
[SourceQuality "1"]

1. e4 e5 2. f4 exf4 3. Bc4 Nf6 4. Nc3 c6 5. Bb3 d5 6. exd5 cxd5 7. Nf3 d4 8. Ne2 d3 9. cxd3 Bd6 10. 0-0 0-0 11. d4 Nc6 12. d5 Nb4 13. d4 Nbxd5 14. Ne5 Qb6 15. Nc4 Qc7 16. Nxd6 Qxd6 17. Nxf4 Bg4 18. Qd3 Rad8 19. Nxd5 Nxd5 20. Bd2 Bh5 21. Bxd5 Qxd5 22. Rf5 Qxd4+ 23. Qxd4 Rxd4 24. Bc3 Rd1+ 25. Rxd1 Bxd1 26. Rg5 f6 27. Rd5 Ba4 28. Ra5 Bc6 29. Rxa7 Rd8 30. Kf2 Rd1 31. Ra8+ Kf7 32. Ra5 Rc1 33. Rh5 h6 34. g3 Rc2+ 35. Ke3 g5 36. Rxh6 Kg7 37. Rh5 Kg6 38. Rh8 Kg7 39. Rh5 Kg6 40. Rh8 1/2-1/2

[Event "SWE-ch U20"]
[Site "Falun"]
[Date "2012.07.15"]
[Round "9"]
[White "Cederstam Barsk, Carl"]
[Black "Aira, Johannes"]
[Result "1-0"]
[WhiteElo "2205"]
[BlackElo "2059"]
[PlyCount "153"]
[EventDate "2012.07.07"]
[EventType "tourn"]
[EventRounds "9"]
[EventCountry "SWE"]
[SourceTitle "CBM 149 Extra"]
[Source "ChessBase"]
[SourceDate "2012.08.24"]
[SourceVersion "1"]
[SourceVersionDate "2012.08.24"]
[SourceQuality "1"]

1. d4 Nf6 2. c4 e6 3. Nc3 Bb4 4. e3 0-0 5. Nge2 d5 6. a3 Be7 7. Nf4 c5 8. cxd5 cxd4 9. Qxd4 exd5 10. Nfxd5 Nc6 11. Qd1 Qa5 12. Nxe7+ Nxe7 13. Bd2 Qe5 14. Nb5 Rd8 15. Bc3 Qd5 16. Bc4 Qxd1+ 17. Rxd1 Rxd1+ 18. Kxd1 Ne4 19. Be1 Bd7 20. Nc3 Nd6 21. Bd3 Bc6 22. f3 b5 23. Bd2 Ng6 24. Be2 a5 25. Ke1 Ne5 26. Kf2 Nec4 27. Bc1 b4 28. Nb1 Ba4 29. Nd2 Rc8 30. axb4 axb4 31. b3 Nxd2 32. Bxd2 Bxb3 33. Bxb4 Nc4 34. Rb1 Ba2 35. Ra1 Bb3 36. Bc5 h6 37. Bd4 Nd6 38. Rb1 Be6 39. Be5 Nc4 40. Bg3 Na5 41. Rb8 Rxb8 42. Bxb8 Nc6 43. Bd6 f6 44. e4 Nd8 45. Ke3 Nf7 46. Bc7 g6 47. Bb5 Kg7 48. Kd4 h5 49. Bc6 Bc8 50. Bb5 g5 51. Bc4 g4 52. f4 h4 53. g3 hxg3 54. hxg3 Kf8 55. Be2 f5 56. Bd3 fxe4 57. Kxe4 Ke7 58. f5 Ng5+ 59. Kf4 Nh3+ 60. Ke5 Ng5 61. Bd6+ Kf7 62. Bc4+ Ke8 63. Kf4 Nf7 64. Bb5+ Kd8 65. Bf8 Nh8 66. Kxg4 Ng6 67. Bd6 Nh8 68. Kf4 Nf7 69. Bf8 Bd7 70. Bc4 Ke8 71. Bc5 Nd8 72. g4 Nb7 73. Bb4 Nd8 74. g5 Nc6 75. g6 Nxb4 76. g7 Nd3+ 77. Ke4 1-0

[Event "SWE-ch U20"]
[Site "Falun"]
[Date "2012.07.10"]
[Round "4"]
[White "Aira, Johannes"]
[Black "Thorn, Eric"]
[Result "1-0"]
[WhiteElo "2059"]
[BlackElo "2059"]
[PlyCount "61"]
[EventDate "2012.07.07"]
[EventType "tourn"]
[EventRounds "9"]
[EventCountry "SWE"]
[SourceTitle "CBM 149 Extra"]
[Source "ChessBase"]
[SourceDate "2012.08.24"]
[SourceVersion "1"]
[SourceVersionDate "2012.08.24"]
[SourceQuality "1"]

1. d4 Nf6 2. c4 g6 3. Nc3 Bg7 4. e4 d6 5. f4 0-0 6. Nf3 c5 7. dxc5 Qa5 8. Bd3 Qxc5 9. Qe2 Nc6 10. Be3 Qa5 11. 0-0 Ng4 12. Bd2 Qh5 13. Qe1 Nb4 14. Bb1 Qc5+ 15. Kh1 Qxc4 16. a3 Nd3 17. Bxd3 Qxd3 18. Nd5 e6 19. Ne7+ Kh8 20. Rd1 Qb3 21. h3 Nf6 22. Bc3 d5 23. Qh4 Nxe4 24. Ng5 h5 25. Nxe4 dxe4 26. Qg5 Kh7 27. Nxg6 fxg6 28. Qe7 Rg8 29. Qf7 Qb6 30. Be5 Kh8 31. Qxg6 1-0

[Event "Deltalift op"]
[Site "Tylosand"]
[Date "2012.05.18"]
[Round "6"]
[White "Arnelind, Mikael"]
[Black "Aira, Johannes"]
[Result "1-0"]
[WhiteElo "2182"]
[BlackElo "2036"]
[PlyCount "69"]
[EventDate "2012.05.17"]
[EventType "swiss"]
[EventRounds "8"]
[EventCountry "SWE"]
[SourceTitle "CBM 148 Extra"]
[Source "ChessBase"]
[SourceDate "2012.06.22"]
[SourceVersion "1"]
[SourceVersionDate "2012.06.22"]
[SourceQuality "1"]

1. d4 Nf6 2. c4 e6 3. Nc3 Bb4 4. e3 b6 5. Nf3 Bb7 6. Bd3 Ne4 7. 0-0 f5 8. Qc2 Bxc3 9. bxc3 0-0 10. Nd2 Qh4 11. f3 Ng5 12. Qd1 Rf6 13. Qe1 Qh5 14. e4 f4 15. Rf2 Nc6 16. Nf1 Raf8 17. c5 Ne7 18. cxb6 axb6 19. a4 Rh6 20. a5 Ng6 21. axb6 Nh4 22. Qe2 Rff6 23. bxc7 Rfg6 24. Kh1 Ngxf3 25. Bxf4 Rxg2 26. Rxg2 Nxg2 27. Bxh6 Ngh4 28. Bf4 Qg4 29. Bg3 Nf5 30. Ra8+ Kf7 31. c8Q Bxc8 32. Rxc8 Nd6 33. Ne3 Qh5 34. Bxd6 Qxh2+ 35. Bxh2 1-0